Geographic information systems to support the ecosystem approach to fisheries : (Record no. 15747)

000 -LEADER
fixed length control field 03812cam a22002777a 4500
020 ## - INTERNATIONAL STANDARD BOOK NUMBER
ISBN 9789251064337
020 ## - INTERNATIONAL STANDARD BOOK NUMBER
ISBN 9251064334
040 ## - CATALOGING SOURCE
Transcribing agency AU@
082 04 - DEWEY DECIMAL CLASSIFICATION NUMBER
Classification number 639 FOO 2009 A091 Or.
245 00 - TITLE STATEMENT
Title Geographic information systems to support the ecosystem approach to fisheries :
Remainder of title status, opportunities and challenges /
246 3# - VARYING FORM OF TITLE
Title proper/short title GIS for EAF
260 ## - PUBLICATION, DISTRIBUTION, ETC. (IMPRINT)
Place of publication Rome :
Name of publisher Food and Agriculture Organization of the United Nations,
Year of publication 2009.
300 ## - PHYSICAL DESCRIPTION
Number of Pages xv, 101 p. :
Other physical details ill., (some col.), maps ;
Dimensions 30 cm.
490 1# - SERIES STATEMENT
Series statement FAO fisheries and aquaculture technical paper,
520 3# - SUMMARY, ETC.
Summary, etc The ecosystem approach to fisheries (EAF) has been developed during the last decade in response to perceived and actual deficiencies in previous methods of management. The EAF recognizes that fish are only one albeit important part of a much wider ecosystem incorporating an array of physical and biological components that humans interact with and exploit. Rather than managing single fish stocks, an EAF is concerned with the impacts of fisheries on the marine ecosystem, the interactions between different fisheries, of fisheries with the aquaculture sector, as well as with other human activities. The Geographic Information System (GIS) is considered an ideal platform upon which to perform necessary information management and decision-support analysis for the implementation of an EAF. This technical paper is primarily intended to be a guide to methods that readers could adopt for their own use of GIS for an EAF and these methods are covered in some detail. The planning considerations for an appropriate GIS in terms of objectives, scope and geographical area are outlined. The practical considerations are discussed and include hardware architecture, various software possibilities, sources and types of data that will be needed, and the array of backup and support that is available. More specifically, in Section 1 of this paper, the conceptual basis underlying EAF is discussed. In Section 2, a four-step participatory ecosystem management planning and implementation process consistent with EAF is recommended by the Food and Agriculture Organization of the United Nations (FAO) and includes: (i) scoping for issues, (ii) setting objectives, (iii) formulating rules and (iv) establishing a monitoring, assessment and review system. In Section 3, the use of GIS is examined beginning with a brief look at its history and development and then reviewing its current application and uses within marine fisheries. In Section 4, the potential use of GIS in a wide range of EAF-related projects is illustrated using examples that focus on mapping, modelling, management and communication. The degree to which GIS is currently being used for EAF implementation is illustrated by four case studies detailed in Section 5. Section 6 proposes a plan for implementation of an EAF using GIS and considers the challenges faced by developing countries in using GIS in fisheries management. Strategies to enhance the role of GIS in EAF are suggested. In conclusion, Section 7 makes recommendations for the adoption of GIS for EAF. The adoption of GIS for an EAF is no easy task and a number of challenges must be faced but GIS for EAF is feasible even in relatively resource-poor situations. The authors hope this paper encourages fishery managers and researchers to explore the many benefits of GIS for managing fisheries in an ecosystem context.
650 #0 - SUBJECT ADDED ENTRY--TOPICAL TERM
Topical Term Fisheries
650 #0 - SUBJECT ADDED ENTRY--TOPICAL TERM
Topical Term Geographic information systems.
650 #0 - SUBJECT ADDED ENTRY--TOPICAL TERM
Topical Term Marine ecology
650 #0 - SUBJECT ADDED ENTRY--TOPICAL TERM
Topical Term Fishery resources
650 #0 - SUBJECT ADDED ENTRY--TOPICAL TERM
Topical Term Fishery management
650 #0 - SUBJECT ADDED ENTRY--TOPICAL TERM
Topical Term Sustainable fisheries
700 1# - ADDED ENTRY--PERSONAL NAME
Personal name Carocci, Fabio.
710 2# - ADDED ENTRY--CORPORATE NAME
Corporate name or jurisdiction name as entry element Food and Agriculture Organization of the United Nations.
856 41 - ELECTRONIC LOCATION AND ACCESS
Uniform Resource Identifier http://www.fao.org/docrep/012/i1213e/i1213e.pdf
942 ## - ADDED ENTRY ELEMENTS (KOHA)
Koha item type សៀវភៅភាសាអង់គ្លេស
952 ## - LOCATION AND ITEM INFORMATION (KOHA)
Withdrawn status [LOCAL, KOHA] 0
Holdings
Permanent Location Date acquired Koha item type Lost status Shelving location Barcode Current Location Full call number
Library Block A2017-12-08សៀវភៅភាសាអង់គ្លេស A091RUA056393Library Block A639 FOO 2009 A091 Or.
មជ្ឈមណ្ឌលឯការនៃសាកលវិទ្យាល័យភូមិន្ទកសិកម្មចំការដូង

Powered by Koha